000 01200nam a2200349 i 4500
001 000042725
003 DO-SdBNP
005 20260115123910.0
007 ta
008 140206s1994 dr 000 0 spa d
040 _aDO-SdBNP
_bspa
_cBNPHU
_erda
041 _aspa
082 _a342.729302
_bR426co, 1994
_222
110 1 _aRepública Dominicana.
_9447
240 1 0 _aConstitución (1994)
245 1 0 _aConstitución de la República.
264 _aSanto Domingo :
_bONAP,
_c1994.
300 _a51 páginas ;
_c21 cm.
336 _ardacontent
_btexto
_2txt
337 _ardamedia
_bsin mediacián
_2n
338 _ardacarrier
_bvolumen
_2nc
490 1 _aReforma del Estado
_v3
500 _aEn la portada: Revisión de agosto 1994.
590 _aInventariado, 2018/ YL
651 4 _aRepública Dominicana
_xConstitución (1994{Rpara}
_935348
651 4 _aRepública Dominicana
_zDerecho Constitucional
_9449
651 4 _aRepública Dominicana
_xReformas Constitucionales
_935781
710 1 _aRepública Dominicana.
_bOficina Nacional de Administración y Personal
_926398
830 0 _aReforma del Estado
_v3
_919983
910 _aValidado. Control de calidad EMS.
942 _2ddc
_cLBS1
999 _c42214
_d42214